000 00643nam a2200277Ia 4500
005 20260324140749.0
008 008 260324s9999 xx 000 0 eng d
020 _a9780429237607
037 _aEBOOK
040 _aCRL
040 _beng
040 _cCRL
041 _2eng
041 _aeng
084 _qCRL
100 _aAlan K. Bowman
_91205651
245 0 _aLife and Letters from the Roman Frontier
260 _bTaylor and Francis
260 _c1998
365 _a
365 _b220
856 _uhttp://www.taylorfrancis.com/books/9780429237607
942 _cEBOOK
999 _c1808030
_d1808030